00765nam a2200193 a 4500001001000000003000900010005001700019008004100036040002500077082002100102100003100123245015700154260005700311300003100368504002800399650003600427650004500463651006300508000004323DO-SdBNP20240527202356.0090721s1989 dr d 000 0 spa d aDO-SdBNPbspacBNPHU a330.97293bL789c1 aLizardo Espinal, Magdalena10aCambios en la economía mundial y sus repercusiones sobre el sector externo dominicano :bestudios económico - sociales /cMagdalena Lizardo Espinal. aSanto Domingo :bFundación Friedrich Ebert,c1989. a106 p. :bdiagr. ;c24 cm. aBibliografia: p. 95-103 4aEconomíaxHistoriay1971-1990 0a Relaciones económicas internacionales 4aRepública DominicanaxCondiciones económicasxHistoria